|
|
|
|
| LEADER |
00000nam0a2200000 4500 |
| 001 |
17605 |
| 005 |
20231101205144.0 |
| 010 |
|
|
|a 5010032899
|
| 035 |
|
|
|a (RuTPU)RU\TPU\book\17750
|
| 035 |
|
|
|a BOOK00000043
|
| 090 |
|
|
|a 17605
|
| 100 |
|
|
|a 20011209d1994 k y0rusy50 ca
|
| 101 |
0 |
|
|a rus
|
| 102 |
|
|
|a RU
|
| 105 |
|
|
|a y z 000zy
|
| 200 |
1 |
|
|a Капиталистическая революция
|e 50 тезисов о процветании, равенстве и свободе
|f П. Л. Бергер
|g пер. Г. П. Бляблин
|
| 210 |
|
|
|a Москва
|c Прогресс
|d 1994
|
| 215 |
|
|
|a 320 с.
|
| 320 |
|
|
|a Библиогр. в примеч.: с. 283-315.
|
| 330 |
|
|
|a Известный американский исследователь П. Бергер аргументированно доказывает, что индустриальный капитализм создал величайшие за всю историю производительные силы, которые, в свою очередь, явились предпосылкой демократизации общества. Развитие современных цивилизованных рыночных отношений обеспечит материальное благополучие всех слоев общества, создаст условия для гарантий свобод и прав личности. Автор выдвигает 50 тезисов, которые, по его мнению, образуют контуры теории капитализма.
|
| 610 |
1 |
|
|a экономика
|
| 610 |
1 |
|
|a капитализм
|
| 610 |
1 |
|
|a экономическая мысль
|
| 610 |
1 |
|
|a США
|
| 686 |
|
|
|a У80
|v LBC/SL-A
|2 rubbk
|
| 700 |
|
1 |
|a Бергер
|b П. Л.
|c американский социолог, культуролог и философ
|f 1929-
|g Питер Людвиг
|2 stltpush
|3 (RuTPU)RU\TPU\pers\5924
|9 1146
|
| 702 |
|
1 |
|a Бляблин
|b Г. П.
|4 730
|
| 801 |
|
0 |
|a RU
|b 63413507
|c 20011209
|g PSBO
|
| 801 |
|
2 |
|a RU
|b 63413507
|c 20080331
|g PSBO
|
| 942 |
|
|
|c BK
|